| 000 -LEADER |
| fixed length control field |
00823nam a22002657a 4500 |
| 001 - CONTROL NUMBER |
| control field |
310 |
| 003 - CONTROL NUMBER IDENTIFIER |
| control field |
BD-DhUAP |
| 005 - DATE AND TIME OF LATEST TRANSACTION |
| control field |
20210201110136.0 |
| 008 - FIXED-LENGTH DATA ELEMENTS--GENERAL INFORMATION |
| fixed length control field |
200312s2003 ii 001 0 eng |
| 020 ## - INTERNATIONAL STANDARD BOOK NUMBER |
| International Standard Book Number |
0195620534 |
| 040 ## - CATALOGING SOURCE |
| Original cataloging agency |
DLC |
| Transcribing agency |
DLC |
| Modifying agency |
BD-DhUAP |
| Language of cataloging |
Eng |
| 082 00 - DEWEY DECIMAL CLASSIFICATION NUMBER |
| Edition number |
23 |
| Classification number |
428.24 THO |
| 100 1# - MAIN ENTRY--PERSONAL NAME |
| Personal name |
Thomson, A. J. |
| 245 12 - TITLE STATEMENT |
| Title |
A practical English grammar / |
| Statement of responsibility, etc. |
A. J. Thomson and A. V. Martinet. |
| 250 ## - EDITION STATEMENT |
| Edition statement |
4th ed. |
| 260 ## - PUBLICATION, DISTRIBUTION, ETC. |
| Place of publication, distribution, etc. |
New Delhi : |
| Name of publisher, distributor, etc. |
Oxford University Press, |
| Date of publication, distribution, etc. |
c1986 [Reprinted 1987]. |
| 300 ## - PHYSICAL DESCRIPTION |
| Extent |
383 pages ; |
| Dimensions |
23 cm. |
| 500 ## - GENERAL NOTE |
| General note |
Includes index. |
| 650 #0 - SUBJECT ADDED ENTRY--TOPICAL TERM |
| Topical term or geographic name entry element |
English language |
| General subdivision |
Textbooks for foreign speakers. |
| 650 #0 - SUBJECT ADDED ENTRY--TOPICAL TERM |
| Topical term or geographic name entry element |
English language |
| General subdivision |
Grammar |
| Form subdivision |
Problems, exercises, etc. |
| 700 1# - ADDED ENTRY--PERSONAL NAME |
| Personal name |
Martinet, A. V. |
| 942 ## - ADDED ENTRY ELEMENTS (KOHA) |
| Source of classification or shelving scheme |
|
| Koha item type |
Book |